| 000 | 01349cam a2200217 4500 | ||
|---|---|---|---|
| 001 | WB@3612-624 | ||
| 008 | 040914n2004 000 0 eng u | ||
| 035 | _a(Sirsi) u127389 | ||
| 245 | _aPlanning funding successful | ||
| 260 | _c2004 | ||
| 490 |
_aODPM News Release _v(2004/0219) 14 September 2004 (3) |
||
| 520 | _aA survey of around 200 local authorities has revealed that councils spent more than two thirds of total planning delivery grant allocations for 2003/04 on recruiting additional staff and improving IT systems to help with the administration of planning caseloads. "Evaluation of planning delivery grant 2003/04" was carried out by Addison and Associates with Arup on behalf of the ODPM and can be viewed at: http://www.odpm.gov.uk/stellent/groups/odpm_planni ng/documents/page/odpm_plan_031090.pdf. Planning delivery grants were issued to all authorities in 2003/04, the minimum amount given being £75 000. The report has found that this funding has already made a significant difference in improving the speed and quality of local planning decisions. http://www.odpm.gov.uk/pns/DisplayPN.cgi?pn_id=200 4_0219 | ||
| 590 | _aWB | ||
| 590 | _aWB | ||
| 650 | _aPLANNING SYSTEM | ||
| 650 | _aGOVERNMENT SPENDING | ||
| 650 | _aSUSTAINABLE COMMUNITIES | ||
| 650 | _aLOCAL AUTHORITIES | ||
| 690 | _aPLANNING | ||
| 942 | _n0 | ||
| 999 |
_c117989 _d117989 |
||